Zenless Zone Zero characters but really badly explained - Statistics

General Stats
  • This quiz has been taken 152 times
  • The average score is 42 of 47
Answer Stats
Hint Answer % Correct
The mc who works a double life Belle/Wise
99%
Burger vacuum Anby
97%
STARLIGHT KNIGHTS ASSEMBLE!!!! Billy
97%
Would put a machine's life over any other Grace
97%
The cat that will ruin your 50/50, somewhat legally adopted by Nicole Nekomata
97%
Broker than Mona (with drip) Nicole
97%
Shark with insomnia and an insane resting face Ellen
96%
Accountant bear Ben
95%
Anger, rage, insists she's not a kid anymore, and Grace calls her sweetpea in response Koleda
95%
Blind but can snipe you into oblivion Trigger
95%
Bunnies Against Asymmetry Alice
94%
Would sing you to death but like positively AstraYao
94%
Mocktail mixers ice, the snacks are real nice, soda sour mix dry, I'm lit you can't deny- Burnice
94%
Baseball with pigs Lucy
94%
Burnice's favorite cat whom she's very intent on setting fire to her tail Pulchra
94%
The game's favorite scooter user, she'd have done well with a hoverboard. But also the biggest disappointment since we all thought we were getting a fully mecha character to play. Seed
94%
The Proxy's number one fan, simp, literally everything Vivian
94%
Annie Leonhart is that you?????? Also stole her threads from Kafka Evelyn
93%
Provider of insane tension, is probably a vampire (I just can't prove it yet), Lycaon's "rival" Hugo
93%
Hey what if we made Remi from Ratatouille hot and single-handedly made a fandom explode because of her trailer? Jane
93%
She's all ears, and she can hear the cheers of the fandom when she was finally released Miyabi
93%
Do NOT let her cook Rina
93%
This game's Cyno, except he has sunglasses now Lighter
92%
The tension between him and Hugo is absolutely epic, and he never skips leg day Lycaon
92%
The game's best ragebaiter, armed with a raccoon Yuzuha
92%
Everyone talks about the handlebar on her butt. Yes she has one, don't ask how I know ZhuYuan
92%
His talent is improvising excuses for sick leave Harumasa
91%
The fiercest, scariest tiger that ever existed JuFufu
91%
This game's Itto Anton
90%
Secretly a romance book enjoyer, is also a salad Caesar
90%
Scammed by her trailer, the more interesting one ended up being her loudmouth of a dragon tail Orphie/Orphie and Magus
90%
You've been hit by, you've been struck by... Truck. POW Piper
90%
The only sane member of NEPS, someone get him out of here Seth
90%
The blue menace with an infinite stomach Soukaku
90%
Herrscher of the Void's lost cousin, divination expert (except she just makes it up) and the only sane one in Yunkui Summit Yixuan
90%
DO let him cook PanYinhu
89%
The real mom friend Yanagi
88%
Shadow The Hedgehog, except we made him buff (and caused a whole -justified- scene because he's an A rank) Manato
87%
Ganyu, Astra and Ciaccona's fusion Lucia
86%
Squid is THE game, not A game. Also, legally cannot sit with her tentacles Yidhari
85%
OH MY GOD IT'S HATSUNE MIKU- Qingyi
83%
Her real name is Harin but she's stuck with her og gamertag Soldier11/S11
82%
The burger vacuum's premium upgrade Sanby/Silver Soldier Anby/Silver Anby/Soldier 0 Anby
81%
Tiny bunny menace that isn't Alice, will probably do something crazy Zhao
75%
FINALLY, A PLAYABLE INTELLIGENT CONSTRUCT. Banyue
73%
Camellya's lost little sister Dialyn
68%
Edgier Sushang YeShunguang
63%
No matching quizzes found
Score Distribution
Percent of People with Each Score
Percentile by Number Answered
Your Score History
You have not taken this quiz